| 000 | 01124 a2200217 4500 | ||
|---|---|---|---|
| 001 | 61724 | ||
| 005 | 20260407155907.0 | ||
| 008 | 260407a1986 arg spa d | ||
| 003 | AR-UNSa-BCEJYS | ||
| 040 |
_aAR-UNSa-BCEJYS _bspa _cAR-UNSa-BCEJYS |
||
| 080 |
_a657:34 _x(Rol del contador en la justicia. Contabilidad y procedimientos judiciales.) |
||
| 245 | 1 | 0 |
_aManual del contador en la justicia _pConocimientos básicos para egrsados y estudiantes de ciencias económicas |
| 020 | _a978-950-9414-12-9 | ||
| 264 | 1 |
_aSan Miguel de Tucumán : _bEdiciones El Graduado _c1986 |
|
| 300 |
_a337 p. _c22 cm. |
||
| 505 | _a1. Organización de la justicia - 2. El juicio – 3. Los términos o plazos procesales – 4. Terminología Jurídica – 5. Parentesco – 6. Recursos – 7. Prueba – 8. El contador como perito judicial – 9. Medidas Cautelares – 10. El contador como árbitro o amigable componedor – 11. El contador en las sucesiones – 12. Sociedades – 13. Lectura crítica de instrumentos | ||
| 041 | _aspa | ||
| 942 | _cBK | ||
| 590 | _aniveau_biblio:m niveau_hierar:0 | ||
| 100 | 1 | _aHurtado, Emilio Ramón | |
| 999 |
_c7376 _d7376 |
||